01350nam a2200181Ia 4500001001300000003001000013008004100023040002500064041000700089100002000096245007100116260003200187300001200219500008800231520070500319650005001024700009401074a1541-39111 IT-MiCISF161014s9999||||xx |||||||||||||| ||und|| aIT-MiCISFcIT-MiCISF ait aAramini Michele 0aFare famiglia oggi.bSpunti per accogliere e orientare i fidanzati a Milano,bIn Dialogo,c2004 app. 173 a pastorale-prematrimoniale, giovani, amore, sessualità, spiritualità-coniugale  a E' possibile "fare famiglia oggi"? E' possibile educare ad un'idea positiva di famiglia i giovani che partecipano ai corsi per fidanzati? Il volume intende rispondere a queste domande, affrontando le problematiche sociologiche (E. Zucchetti) e filosofico-morali (M. Aramini) del tema, e addentrandosi nelle dinamiche psicologiche della crescita affettiva (G. Mauri) e della relazione sessuale e dello sviluppo dell'amore (G. Gillini e M. Zattoni). Il tutto avendo come sfondo il messaggio biblico sull'amore umano (L. Moscatelli) e sulla spiritualità coniugale (G. Campanini), mentre in conclusione vengono affrontati alcuni temi di frontiera della medicina e della cultura attuale (C. Casalone). a Temi di pastorale / pastorale-familiaree012 aCampanini G., Casalone C., Gillini G., Moscatelli L., Mauri G., Zattoni M., Zucchetti E.